วิทยาลัยพยาบาลบรมราชชนนี ยะลา
ระบบห้องสมุดอัตโนมัติ ULIBM BCNYALA - V.6
เปลี่ยนเป็นภาษาไทย

Change to English
 แสดงรายละเอียดบรรณานุกรม
  กลับหน้าหลัก

Brief Record : Get Marc (ISO 2709) : E-mail record : QR code ปิดหน้าต่าง
LEADER 00000nam 2200000uu 4500
001    3858
003     ULIBM
008    260616s2010||||th 000 0 tha d
020    9780763765910
060 04 ^aWB100^bC953i
100 1  Crowley,Leonard V.
245 00 ^aAn Introduction to Human Disease : Pathology and Pathophysiology Correlations/^cLeonard V. Crowley
250    ^a8th ed.
260    ^aBoston :^bJones and Bartlett Publishers,^c2010.
300    ^axxvii,786p. :^bill ;^c28cm.
650  7 Disease
650  7 Pathology
999    ^aฮัซวานี
รายการนี้ยังไม่มีแท็ก
คุณยังไม่ได้ล็อกอิน คุณสามารถมีกิจกรรมร่วมกับเว็บไซต์ได้ แต่ต้องล็อกอินก่อน ::
  ล็อกอิน
ลำดับที่ ประเภท เลขเรียก สถานที่ สถานะ
1. หนังสือภาษาอังกฤษทางการพยาบาล
หนังสือภาษาอังกฤษทางการพยาบาล
WB100 C953i 2010 V.1 
  
ห้องสมุดวพบ.ยะลา
►หนังสือ ตำรา ทางการพยาบาล
On Shelf
  ขอยืม
   [แสดง 1/1 รายการ]

รายการใกล้เคียง
    หัวเรื่อง [Disease]
    หัวเรื่อง [Pathology]

BibComment


ยังไม่เคยถูกคอมเมนท์

คอมเมนท์ทรัพยากรรายการนี้
  คอมเมนท์: An Introduction ..
Bib 3858

 
 
 

 Union Library Management : ULibM

ดูหนังออนไลน์

Copyright 2026. All Rights Reserved.